Jünger Párizsban
Elmentve itt :
| Szerző: | |
|---|---|
| Adatforrás: | Meister |
| Forrásdokumentuma: | A Hét. - 17 sz., 1998, 1 p. |
| Nyelv: | magyar |
| Kulcsszavak: | irodalomtörténet JÜNGER Ernst |
| LEADER | 00339nab a2200133 i 4500 | ||
|---|---|---|---|
| 001 | bibPRO00007450 | ||
| 008 | 060524s1998 xx hun | ||
| 040 | |a Sz1 | ||
| 041 | |a hun | ||
| 100 | 1 | |a HORVÁTH Andor | |
| 245 | 1 | 0 | |a Jünger Párizsban |c HORVÁTH Andor |
| 695 | |a irodalomtörténet | ||
| 695 | |a JÜNGER Ernst | ||
| 773 | 0 | |t A Hét. - |g 17 sz., 1998, 1 p. | |